Normal view MARC view
  • Lemonnier, Enrique

Entry Nombre Personal

Number of records used in: 1

001 - NUMERO DE CONTROL

  • campo de control: 52472

003 - IDENTIFICADOR DE NUMERO DE CONTROL

  • campo de control: MX-MxUPN

005 - FECHA Y HORA DE LA ÜLTIMA TRANSACCIÓN

  • campo de control: 20240620132157.0

008 - DATOS DE LONGITUD FIJA

  • campo de control de longitud fija: 240620|| aca||aabn | aaa d

040 ## - FUENTE DE CATALOGACIÓN

  • Agencia original de catalogación: MX-MxUPN
  • Lenguaje de catalogación: spa
  • Agencia de transcripción: MX-MxUPN

100 1# - ENCABEZAMIENTO - NOMBRE PERSONAL

  • Nombre personal: Lemonnier, Enrique

670 ## - FUENTE EN LA QUE SE LOCALIZARON DATOS

  • Cita de la fuente: Elementos de geografía, 1898 :
  • Información localizada: portada (Enrique Lemonnier)

902 ## - CATALOGADOR

  • Catalogador: MaríaRobles/200624